000
00229 a2200097 4500
001
14544
100
_a
Faruki K.A
245
_a
The constitutional legal role of the umma
260
_a
Karachi
_b
Ma' aref
_c
090
_c
11373
_d
11373
942
_a
NUST-CAE
_c
M
_c
1529
999
_c
249617
_d
249617